000 00864nam a22002531u 4500
001 04640
003 HDC
007 cr bn ---
008 210117p my go d 00 engg
040 _aHDC
110 _aPTMS - Training Management Systems
245 0 _aPORT & LOGISTICS 2025 :
_b"MOVING FORWARD: VARIOUS SUPPLY CHAIN STRATEGIES"
260 _a[No Place] :
_b[publisher not identified],
_c[no year]
300 _a49 pages :
_billustrations
336 _atext
_2rdacontent
337 _acomputer
_2rdamedia
338 _aonline resource
_2rdacarrier
650 _aPort
_94769
650 _aSupply chain
_9537
856 _zRequest full-text at [email protected]
942 _2lcc
942 _cSLIDE
942 _kSLID 000288
999 _c1965
_d1965